| 000 | 00577nac a22001571u 4500 | ||
|---|---|---|---|
| 020 | _a8120316363 | ||
| 082 |
_a005.133 _bM4788 |
||
| 090 |
_c427 _d427 |
||
| 100 | _aMcGregor, Rob | ||
| 245 |
_apractical C++ : _bcontents at glance/ _cRob McGregor |
||
| 260 |
_aNew Delhi: _bPrentice-Hall of India, _c2000 |
||
| 300 |
_a889p. ; _ccm |
||
| 650 | _aC++ (Computer program language) | ||
| 942 |
_cBB _k005.133M4788 |
||
| 999 |
_c427 _d427 |
||